LEADER 01279nam a2200205 4500 001 000000339691 003 CaOOAMICUS 005 20200304154816.0 008 200304s1835 fr 000 u fre r 040 $aSeMil$bita 100 11$aCandolle, Augustin Pyramus : de,$d<1778-1841>.$0(OLS)http://semarc/name/110881 245 00$aIntroduction à l'étude de la botanique, ou Traité élémentaire de cette science : contenant l'organographie, la physiologie, la métodologie, la géographie des plantes ... /$cpar Alph. de Candolle. 264 1$aParis :$bLibrairie encyclopédique de Roret,$c1835. 300 $a2 v. ;$c21 cm 650 4$aBotanica.$0(OLS)http://semarc/subject/4004 773 0 $tHistoire naturelle des végétaux.$dParis : Roret, 1835-1848.$kNouvelles suites à Buffon$g22$w()339690 774 0 $aCandolle, Augustin Pyramus : de <1778-1841>$tTome 2.$dParis : Librairie encyclopédique de Roret, 1835.$w()339692 996 $6245$aIntroduction à l'étude de la botanique, ou Traité élémentaire de cette science : contenant l'organographie, la physiologie, la métodologie, la géographie des plantes ...$9(OLS)http://semarc/title/428618 996 $6264$aParis :$bLibrairie encyclopédique de Roret$9(OLS)http://semarc/publisher/58882 LEADER 01206nam a2200193 i 4500 001 000000351100 003 CaOOAMICUS 005 20251030143202.0 008 220804s19241926gw u000 u lat u 040 $aSeMil$bita 110 2 $aConcilio di Efeso <431>.$0(OLS)http://semarc/name/464 245 10$a5.1: Collectio palatina sive qui fertur Marius Mercator ; 5.2: Cyrilli epistula synodica translata a Dionysio Exiguo, Collectio sichardiana ex collectione quesneliana, Collectio winteriana, Indices /$cedidit Eduardus Schwartz. 300 $aXVII, 231, XVIII, 416 p.$c30 cm 700 1 $aSchwartz, Eduard,$d<1858-1940>.$0(OLS)http://semarc/name/392 773 0 $aConcilio di Efeso <431>$tConcilium Universale Ephesenum.$dBerlin ; New York : De Gruyter, 1922-1965.$kActa Conciliorum Oecumenicorum. Series prima$w()617 850 $aSeMil 852 $aSeMil$W1$xVenegono$y1$mSL1.Y V 5$j252413$B251770$CSeMilBibl$Z2$F251770 $8I 996 $6245$a5.1: Collectio palatina sive qui fertur Marius Mercator ; 5.2: Cyrilli epistula synodica translata a Dionysio Exiguo, Collectio sichardiana ex collectione quesneliana, Collectio winteriana, Indices$9(OLS)http://semarc/title/440896